Inspecciones AFIP - DGI : Una herramienta práctica para saber cómo actuar ante una inspección /
Guardado en:
| Autor Principal: | |
|---|---|
| Formato: | Libro |
| Idioma: | Spanish |
| Publicado: |
Ciudad Autónoma de Buenos Aires :
EDICON - Fondo Editorial Consejo,
2013.
|
| Edición: | 1° ed. |
| Materias: | |
| Etiquetas: |
Agregar Etiqueta
Sin Etiquetas, Sea el primero en etiquetar este registro!
|
| LEADER | 00681nam a22001935a 4500 | ||
|---|---|---|---|
| 001 | DER.der014463 | ||
| 008 | 191115s2013####ag############000#0#spa#d | ||
| 005 | 20210820101715.0 | ||
| 245 | 1 | 0 | |a Inspecciones AFIP - DGI : |b Una herramienta práctica para saber cómo actuar ante una inspección / |c Luis Giangreco. |
| 250 | |a 1° ed. | ||
| 260 | |a Ciudad Autónoma de Buenos Aires : |b EDICON - Fondo Editorial Consejo, |c 2013. | ||
| 300 | |a 253 p. ; |c 24 x 17 cm. | ||
| 020 | |a 9789876601900 | ||
| 100 | 1 | |a Giangreco, Luis. | |
| 082 | 0 | 4 | |a 336.2 |
| 653 | |a Derecho Tributario | ||
| 653 | |a Prácticas | ||
| 650 | 7 | |a inspección impositiva |2 SAIJ | |
| 859 | |a DERECHO |b BIB. DERECHO |h 336.2 |i GIA |k 1.35 |p 009741 |t 1 | ||
